• 首页
  • 本馆介绍
  • 公告通知
  • 最新文献
  • 馆藏检索
  • 电子资源
  • 读者导购
  • 参考咨询
  • 我的图书馆
  • 登录
  • 详细信息显示
  • 放入我的书架
  • 预约/预借图书
  • 作者相关作品
  • 分类相关作品
  • 丛书相关作品
  • 出版社相关作品

书目信息

  • 表格格式
  • 工作单格式
  • 卡片格式
题名:
国是论衡
    
 
作者: 周北川 主编
分册:  
出版信息: 北京   中国文史出版社  2018
页数: 294页
开本: 25cm
丛书名:
单 册:
中图分类: I253.1
科图分类:
主题词: 评论性新闻--作品集--中国--当代
电子资源:
ISBN: 978-7-5205-0099-9
000 00787nam0 2200229 450
001 012001000084
005 20140920091301.0
010    @a978-7-5205-0099-9@dCNY68.00
100    @a20180819d2018 em y0chiy50 ea
101 0  @achi
102    @aCN@b110000
105    @aa z 000yy
106    @ar
200 1  @a国是论衡@9Guo Shi Lun Heng@e2014/2016@f周北川等主编
210    @a北京@c中国文史出版社@d2018
215    @a294页@c图@d25cm
330    @a本书是2014年至2016年《人民政协报》评论版部分优秀评论的选编集。收录了《为自由贸易注入中国信心》《提倡自然的文风》《不能忘却的纪念》《青春就是力量》等文章。
606 0  @a评论性新闻@x作品集@y中国@z当代
690    @aI253.1@v5
701  0 @a周北川@9Zhou Bei Chuan@4主编
801  0 @aCN@b上海新华@c20180901
905    @b1040409-13@dI253.1@e1039@f5
    
    国是论衡:2014/2016/周北川等主编.-北京:中国文史出版社,2018
    294页:图;25cm
    
    
    ISBN 978-7-5205-0099-9:CNY68.00
    本书是2014年至2016年《人民政协报》评论版部分优秀评论的选编集。收录了《为自由贸易注入中国信心》《提倡自然的文风》《不能忘却的纪念》《青春就是力量》等文章。
●
相关链接 在E读中查询图书 在五车中查询图书 在当当中查询图书 在豆瓣中查询图书


正题名:国是论衡     索取号:I253.1/1039         预约/预借

序号 登录号 条形码 馆藏地/架位号 状态 备注
1 1040409   210404098   第一样本阅览室/ [索取号:I253.1/1039] 在馆    
2 1040410   210404105   第二借阅区/ [索取号:I253.1/1039] 在馆    
3 1040411   210404114   第二借阅区/ [索取号:I253.1/1039] 在馆    
4 1040412   210404123   密集书库-文学院/ [索取号:I253.1/1039] 在馆    
5 1040413   210404132   第二借阅区/ [索取号:I253.1/1039] 在馆    
唐山师范学院图书馆 欢迎您!
大连网信软件有限公司© 版权所有